|
|
|
|
| LEADER |
01041nam a2200277 a 4500 |
| 001 |
357470 |
| 008 |
091206s1990 nyua b 000 0 eng d |
| 010 |
|
|
|a 78067086
|
| 020 |
|
|
|a 019520851X
|
| 020 |
|
|
|a 0195208501
|
| 040 |
|
|
|a VVX
|c VVX
|d OCL
|d USU
|d OCLCQ
|d BAKER
|d BTCTA
|d NZWDE
|d KBE
|
| 082 |
0 |
4 |
|a 339.46
|2 20
|
| 245 |
0 |
0 |
|a World development report 1990.
|
| 246 |
0 |
0 |
|a Poverty
|
| 260 |
|
|
|a New York :
|b Published for the World Bank, Oxford University Press,
|c c1990.
|
| 300 |
|
|
|a xii, 260 p. :
|b ill. (some col.) ;
|c 28 cm.
|
| 490 |
0 |
|
|a World development report ;
|v 1990
|
| 504 |
|
|
|a Includes bibliographical references (p. 146-157).
|
| 541 |
1 |
|
|e 00004020
|
| 650 |
|
0 |
|a Economic development.
|
| 650 |
|
2 |
|a Economics
|x trends.
|
| 651 |
|
0 |
|a Developing countries.
|
| 710 |
2 |
|
|a World Bank.
|
| 852 |
4 |
|
|a Ayesha Abed Library
|j General shelf
|
| 999 |
|
|
|c 6014
|d 6014
|
| 952 |
|
|
|0 0
|1 0
|2 ddc
|4 0
|6 339_460000000000000_WOR_1990
|7 0
|9 5999
|a BRACUL
|b BRACUL
|c GEN
|d 2009-12-07
|g 160.00
|l 1
|m 8
|o 339.46 WOR
|p 3010004020
|r 2016-03-27
|s 2016-01-24
|t 1
|v 320.00
|w 2009-12-07
|y BK
|